000 05210cam a22018494i 4500
003 PE-LiUPU
005 20250813165906.0
008 150706s2012 ag a rb 000 0 spa d
020 _a9789506414658
035 _a(Sirsi) i9789506414658
040 _aPE-LiUPU
_bspa
_cPE-LiUPU
_erda
049 _aPRUA
082 0 4 _a658.409
_bH27
_221
100 1 _aHax, Arnoldo C. ,
_eautor.
245 1 0 _aEstrategias para el liderazgo competitivo :
_bde la visión a los resultados /
_cArnoldo C. Hax, Nicolas S. Majluf ; traducción Alejandro G. Tiscornia ; revisión técnica de la traducción Héctor Helman y Patricia Pinnel.
264 1 _aBuenos Aires :
_bGranica,
_c2012.
300 _a536 páginas :
_bilustraciones ;
_c23 centímetros.
336 _atext
_2rdacontent
337 _aunmediated
_2rdamedia
338 _avolume
_2rdacarrier
504 _aIncluye referencias bibliografícas.
505 0 _aEstrategia y proceso -- Concepto de estrategia y el proceso de formación de la estrategia -- Un proceso formal de planificación -- Estrategia de negocios -- Estrategia corporativa los conceptos fundamentales -- La misión del negocio -- El examen del medio externo a nivel del negocio -- Evaluación interna a nivel del negocio -- La formación de la estrategia de negocio -- Evaluación estratégica y económica de los méritos de una estrategia -- Estrategia corporativa .-Estrategia corporativa: los conceptos esenciales -- Examen del medio externo a nivel corporativo -- La misión de la empresa -- Segmentación del negocio -- Estrategia horizontal -- Integración veertical -- Filosofía corporativa -- Posturas estratégica de la empresa -- Asignación de recursos y gestión de la cartera de negocios -- Estrategia funcional -- . Estrategia funcional: los conceptos esenciales -- Estrategia de recursos humanos -- Estrategia tecnológica -- Estrategia de fabricación.
526 _aP203
526 _aP200
526 _aSEG65
526 _aSEG64
526 _aSEG63
526 _aSEG62
526 _aSEG61
526 _aSEG60
526 _aSEG59
526 _aSEG58
526 _aSEG57
526 _aSEG56
526 _aSEG55
526 _aSEG54
526 _aSEG53
526 _aSEG52
526 _aSEG51
526 _aSEG50
526 _aSEG49
526 _aSEG48
526 _aSEG47
526 _aSEG46
526 _aSEG24
526 _aSEG23
526 _aSEG22
526 _aSEG21
526 _aSEG20
526 _aSEG19
526 _aSEG18
526 _aSEG17
526 _aSEG16
526 _aSEG14
526 _aSEG13
526 _aSEG12
526 _aSEG11
526 _aSEG10
526 _aSEG09
526 _aSEG06
526 _aSEG05
526 _aSEG04
526 _aSEG03
526 _aSEG02
526 _aSEG68
526 _aSEG66
526 _aSEG45
526 _aSEG25
526 _aSEG01
526 _aP163
526 _aP162
526 _aP161
526 _aP160
526 _aP159
526 _aP158
526 _aP157
526 _aP156
526 _aP155
526 _aP154
526 _aP153
526 _aP152
526 _aP151
526 _aP150
526 _aP149
526 _aP142
526 _aP141
526 _aP140
526 _aP139
526 _aP138
526 _aP137
526 _aP132
526 _aP131
526 _aP130
526 _aP126
526 _aP125
526 _aP124
526 _aP123
526 _aP115
526 _aP122
526 _aP121
526 _aP116
526 _a P114
526 _aP112
526 _aP111
526 _aP104
526 _aP103
526 _aP102
526 _aP101
526 _aP100
526 _aP96
526 _aP95
526 _aP93
526 _aP92
526 _aP91
526 _aP88
526 _aP83
526 _aP82
526 _aP79
526 _aP78
526 _aP75
526 _aP74
526 _aP71
526 _aP69
526 _a P51
526 _aP49
526 _aP48
526 _aP47
526 _aP33
526 _aP31
526 _a P30
526 _aP29
526 _aP27
526 _aP26
526 _aP25
526 _aP24
526 _a P22
526 _aP10
526 _aP09
526 _a P08
526 _aP06
526 _aP05
526 _aP04
526 _aP01
541 _g045-0004355;
650 0 4 _aLiderazgo.
650 0 4 _aPlanificación estratégica.
700 1 _aMajluf, Nicolas S.,
_d1945-
700 1 _aTiscornia, Alejandro G.,
_etr.
700 1 _aHelman, Héctor
700 1 _aPinnel, Patricia.
910 _agl
_bjv
_cng
_d20121217
942 _2ddc
_cBOOK
949 _a658.409 H27
_wDEWEY
_c1
_i66053
_lCCODEBUL1
_mBUL
_p30.00
_r0
_sY
_tBOOK
_u2015-7-6
_xFCE
_PP04
_o.STAFF. Colección General
994 _aC0
_bPEPRU
596 _a1
999 _a658.409 H27
_wDEWEY
_c54398
_i66053
_d54398
_e2017-3-15
_f2021-11-8
_g6
_lCCODEBUL1
_mBUL
_n1
_p30.00
_r0
_sY
_tBOOK
_u2015-7-6
_xFCE
_PP04
_0COMPRA
_o.STAFF. Colección General
980 _81
_gALBERTO SANCHEZ Responsable de Automatización